000 01201nam a2200289 i 4500
001 196950
003 ES-MaACL
005 20250825062708.0
008 240220b2024 sp ||||| |||| 00| 0 spa d
020 _a9788409680764
040 _bspa
_cES-MaACL
100 1 _aGonzález Luna, Marivi
_9239673
_eaut
245 _aHyppomane, Red Mors /
_cMariví González Luna ; ilustraciones Mariví González Luna, prólogo Miguel Ángel Curiel, epílogo José María de la Quintana.
260 _aColmenar Viejo :
_bAmargord,
_c2024.
300 _a164 páginas :
_bilustrado ;
_c24 cm.
336 _2rdacontent
_atexto
337 _2rdamedia
_asin mediación
338 _2rdacarrier
_avolumen
655 7 _2tgfbne
_9176539
_aPoesías
655 7 _2tgfbne
_aLibros ilustrados
_9193653
852 _aES.MaACL
_cDEPOJ
_jN-10396
_gDedicatoria autógrafa de la autora
_hDonación: Mariví González Luna
_xEncuadernación rústica con solapas
_9206518
903 _9239673
_aGonzález Luna, Marivi
_ednr
942 _cMONOGRAFIA
_n0
999 _c196950
_d196950